000 00311nam a2200133 i 4500
001 bg
100 1 _aWILSON, Robin J.
245 0 _aWprowadzenie do teorii grafów /
_cR.J. Wilson.
260 _aWarszawa,
_c1985.
040 _cBPK
041 _apol
942 _cKS
008 s pl f |000 0 pol
999 _c28274
_d28274
856 _uhttp://koha.tu.koszalin.pl/cgi-bin/koha/opac-detail.pl?biblionumber=28274
_yKatalog online BPK